000 00336nam a2200145Ia 4500
008 230718s9999 xx 000 0 und d
041 _aEng.
082 _a346.42
_bKHO-C
100 _aKhokkar,Sharif M
245 0 _acourt fees act 1870
260 _aPakistan
_bAl.noor law book
_c2013
300 _a232
650 _aLaw
999 _c30253
_d30253